Weekday or Weekend? - Statistics

General Stats
  • This quiz has been taken 62 times
  • The average score is 7 of 7
Answer Stats
Hint Answer % Correct
Monday Weekday
100%
Tuesday Weekday
98%
Thursday Weekday
98%
Wednesday Weekday
96%
Sunday Weekend
96%
Saturday Weekend
92%
Friday Weekday
87%
No matching quizzes found
Score Distribution
Percent of People with Each Score
Percentile by Number Answered
Your Score History
You have not taken this quiz